|
|
|
|
| LEADER |
00000nam a22000007a 4500 |
| 005 |
20120402132153.0 |
| 007 |
cr|||| |||| |
| 008 |
120402s2011 co |||||s|||| 00||0 spa d |
| 020 |
|
|
|a 978-958-741-123-2
|
| 035 |
|
|
|a 6286
|
| 040 |
|
|
|a vLex
|
| 090 |
|
|
|c 3119
|d 3119
|
| 100 |
1 |
|
|a Mendoza Guerra, Jos ̌Mara̕
|
| 245 |
1 |
0 |
|a Decisiones estratǧicas
|h [Recurso electrn̤ico] :
|b Macroadministracin̤ /
|c Jos ̌Mara̕ Mendoza Guerra
|
| 256 |
|
|
|a Servicio en ln̕ea
|
| 260 |
|
|
|a Bogot ̀:
|b Ediciones de la U,
|c 2011
|
| 300 |
|
|
|a 1 recurso electrn̤ico
|
| 506 |
1 |
|
|a Contenido solo disponible en los productos indicados
|d vLex Global
|d vLex Global (Academic Edition, excluding Law Schools)
|d vLex Global (U.S. Academic Edition, Law Schools)
|d vLex Global (U.S. Academic Edition, excluding Law Schools)
|d vLex Global (Academic Edition, Law Schools)
|
| 650 |
0 |
4 |
|a Administracin̤
|z Colombia
|
| 650 |
0 |
4 |
|a Planificacin̤ estratǧica
|z Colombia
|
| 740 |
0 |
|
|a vLex Libros (Servicio en ln̕ea)
|
| 856 |
4 |
0 |
|u http://vlex.com/source/6286
|z Acceso restringido
|
| 942 |
|
|
|c BOOK
|
| 999 |
0 |
|
|a Management
|
| 999 |
0 |
|
|a Strategic planning
|